LEADER 01380nam a2200229 4500 001 000000331742 003 CaOOAMICUS 005 20181217110614.0 008 181217s1974 it a c 000 u ita r 040 $aSeMil$bita 245 00$aSan Tommaso e San Bonaventura nella Biblioteca Vaticana :$bmostra in occasione del 7. Centenario (1274-1974) : catalogo. 264 1$aCittą del Vaticano :$bBiblioteca Apostolica Vaticana,$c1974. 300 $a125 p., 34 p. di tav. :$bill., facs. ;$c24 cm 650 4$aCittą del Vaticano - Biblioteca Apostolica Vaticana - Cataloghi.$0(OLS)http://semarc/subject/22844 650 4$aBonaventura : da Bagnorea - Opere - Manoscritti - Cataloghi di mostre.$0(OLS)http://semarc/subject/47997 650 4$aTommaso : d'Aquino - Opere - Manoscritti - Cataloghi di mostre.$0(OLS)http://semarc/subject/47996 710 0 $aBiblioteca Apostolica Vaticana.$0(OLS)http://semarc/name/101 850 $aSeMil 852 $aSeMil$W1$xVenegono$y1$m3Y III 75$j259225$B224579$CSeMilBibl$Z2$F224579 $81 996 $6245$aSan Tommaso e San Bonaventura nella Biblioteca Vaticana :$bmostra in occasione del 7. Centenario (1274-1974) : catalogo$9(OLS)http://semarc/title/420457 996 $6264$aCittą del Vaticano :$bBiblioteca Apostolica Vaticana$9(OLS)http://semarc/publisher/29667 LEADER 01255nam a2200277 i 4500 001 000000121914 003 CaOOAMICUS 005 20080807000000.0 008 080807s2005 it u000 u ita u 013 $a94609 020 $a88-88250-41-7 040 $aSeMil$bita 100 1 $aMontalto, Domenico <1954-2011>.$0(OLS)http://semarc/name/50699 245 13$aIl velo della Veronica :$bscritti sull'arte moderna e contemporanea /$cDomenico Montalto. 260 $aCologno Monzese (MI) :$bSilvia,$ccopyr. 2005 (stampa 2006) 300 $a247 p. :$bill. ;$c23 cm. 500 $aIn preliminari : Dedica autografa dell'Autore al Card. Tettamanzi. - Omaggio del Card. Dionigi Tettamanzi. 650 4$aArte contemporanea.$0(OLS)http://semarc/subject/1405 650 4$aArte moderna.$0(OLS)http://semarc/subject/9487 850 $aSeMil 852 $aSeMil$W1$xVenegono$y1$m5M VI 24$j76957$B76957$CSeMilBibl$Z2$F136354 $81 941 1 $a5 961 $aOmaggio: Tettamanzi Card. Dionigi 996 $6020$a88-88250-41-7$9(OLS)http://semarc/number/107549 996 $6245$aIl velo della Veronica :$bscritti sull'arte moderna e contemporanea$9(OLS)http://semarc/title/179603 996 $6260$aCologno Monzese (MI) :$bSilvia$9(OLS)http://semarc/publisher/41276